Rzeki i Jeziora - Statystyki

Ogólne statystyki
  • Ten quiz został rozwiązany 100 razy
    44 od ostatniego zresetowania
  • Średni wynik to 39 z 67
Odpowiedzi na mapie
Odpowiedzi zakodowano w zielono-czerwonej skali na mapie do tego quizu, zgodnie z poniższymi procentami.
 
Statystyki odpowiedzi
Odpowiedź % Poprawnych
Nil
88%
Amazonka
83%
Bajkał
79%
Dunaj
75%
Ganges
75%
Michigan
75%
Niger
75%
Wiktorii
75%
Wołga
75%
Dniepr
71%
Eufrat
71%
Indus
71%
Jangcy
71%
Kongo
71%
Onega
71%
Tanganika
71%
Tygrys
71%
Huron
67%
Kaspijskie
67%
Ładoga
67%
Mekong
67%
Ob
67%
Erie
63%
Huang-he
63%
Loara
63%
Malawi
63%
Sekwana
63%
Amur
58%
Aralskie
58%
Czad
58%
Ebro
58%
Górne
58%
Jukon
58%
Kolorado
58%
Lena
58%
Missisipi
58%
Pad
58%
Rio Grande
58%
Titicaca
58%
Winnipeg
58%
Wlk. Jez. Niewolnicze
58%
Jenisej
54%
Łaba
54%
Ontario
54%
Orinoko
54%
Parana
54%
Ren
54%
Tag
54%
Wener
54%
Missouri
50%
Rodan
50%
Rzeka Św. Wawrzyńca
50%
Wetter
50%
Wlk. Jez. Niedźwiedzie
50%
Brahmaputra
46%
Mackenzie
46%
Bałchasz
42%
Inari
42%
Limpopo
42%
Maracaibo
42%
Oranje
42%
Paragwaj
38%
Wlk. Jez. Słone
38%
Saluin
33%
Sao Francisco
33%
Benue
29%
Ukajali
25%
Nie znaleziono quizów pasujących do podanych kryteriów
Rozkład punktacji
Procent ludzi z każdym wynikiem
Percentyl według liczby udzielonych odpowiedzi
Twoja historia wyników
Nie rozwiązałeś tego quizu od ostatniego zresetowania